| 000 | 01565nam a2200409 a 4500 | ||
|---|---|---|---|
| 001 | ebr10611516 | ||
| 003 | CaPaEBR | ||
| 006 | m u | ||
| 007 | cr cn||||||||| | ||
| 008 | 930127s1993 cau sb s001 0 eng d | ||
| 010 | _z 93000347 | ||
| 020 | _z0520081544 (alk. paper) | ||
| 020 | _z9780520088856 (pbk. : alk. paper) | ||
| 020 | _z9780520081543 | ||
| 020 | _z9780520915381 (e-book) | ||
| 040 |
_aCaPaEBR _cCaPaEBR |
||
| 035 | _a(OCoLC)44955952 | ||
| 043 | _ae-fr--- | ||
| 050 | 1 | 4 |
_aB2424.P45 _bJ39 1993eb |
| 082 | 0 | 4 |
_a194 _220 |
| 100 | 1 |
_aJay, Martin, _d1944- |
|
| 245 | 1 | 0 |
_aDowncast eyes _h[electronic resource] : _bthe denigration of vision in twentieth-century French thought / _cMartin Jay. |
| 260 |
_aBerkeley : _bUniversity of California Press, _cc1993. |
||
| 300 | _axi, 632 p. | ||
| 500 | _a"A Centennial book"--P. [ii]. | ||
| 500 | _aFirst paperback printing 1994. | ||
| 504 | _aIncludes bibliographical references and index. | ||
| 533 |
_aElectronic reproduction. _bPalo Alto, Calif. : _cebrary, _d2011. _nAvailable via World Wide Web. _nAccess may be limited to ebrary affiliated libraries. |
||
| 650 | 0 | _aVision. | |
| 650 | 0 | _aCognition and culture. | |
| 650 | 0 |
_aPhilosophy, French _y20th century. |
|
| 651 | 0 |
_aFrance _xCivilization _y20th century. |
|
| 651 | 0 |
_aFrance _xIntellectual life _y20th century. |
|
| 655 | 7 |
_aElectronic books. _2local |
|
| 710 | 2 | _aebrary, Inc. | |
| 856 | 4 | 0 |
_uhttp://site.ebrary.com/lib/rucke/Doc?id=10611516 _zAn electronic book accessible through the World Wide Web; click to view |
| 999 |
_c208021 _d208021 |
||